Science Quiz

Random Science or Alphabet Quiz
Score 0/46 Timer 06:00
2 Plays Today
Letter Element % Correct
ShortestCarbon/Cerium/Cesium/Cobalt/Copper/Curium
91.5%
ShortestBoron
88.2%
ShortestOsmium/Oxygen
83.6%
ShortestSilver/Sodium/Sulfur
82.8%
LongestXenon
80.8%
ShortestXenon
80.8%
ShortestGold
80.6%
ShortestZinc
79.4%
ShortestHelium
77.5%
ShortestArgon
77.2%
ShortestNeon
74.9%
LongestOganesson
74.8%
ShortestTin
73.3%
ShortestIron
72.3%
LongestUranium
72%
ShortestUranium
72%
LongestHydrogen
67.3%
ShortestLead
66%
LongestEinsteinium
64.8%
LongestKrypton
62.3%
ShortestKrypton
62.3%
ShortestRadon
62%
ShortestYttrium
58.7%
Letter Element % Correct
LongestBerkelium/Beryllium
53.6%
LongestAmericium/Aluminium
52.5%
LongestVanadium
51.8%
ShortestVanadium
51.8%
LongestZirconium
49.7%
LongestCalifornium/Copernicium
49.1%
LongestYtterbium
49%
LongestFlerovium
47.6%
LongestRutherfordium
37.5%
ShortestPlatinum/Polonium
36.5%
ShortestMercury
36.4%
LongestIridium
33.4%
ShortestErbium
30.3%
LongestNeodymium/Neptunium
30.1%
LongestMendelevium
29.3%
LongestPraseodymium/Protactinium
27.4%
LongestDarmstadtium
24.5%
LongestLivermorium
23.3%
LongestGadolinium
22.1%
LongestSeaborgium
21.7%
LongestTechnetium/Tennessine
20.4%
ShortestFermium
19.8%
ShortestDubnium
16.8%
Remove Ads.
Support Sporcle.
Get the best of Sporcle when you Go Orange. This ad-free experience offers more features, more stats, and more fun while also helping to support Sporcle. Thank you for becoming a member.

You're not logged in!

Compare scores with friends on all Sporcle quizzes.
OR
Log In

Show Comments

Extras

Top Quizzes Today


Score Distribution

Your Account Isn't Verified!

In order to create a playlist on Sporcle, you need to verify the email address you used during registration. Go to your Sporcle Settings to finish the process.

Report this User

Report this user for behavior that violates our Community Guidelines.

Details: